000 00408nam a2200169Ia 4500
008 230711s9999||||xx |||||||||||||| ||und||
020 _a978-81-224-3022-6
041 _aENG
082 _a537
_bMA-G
100 _aManaswi,Navin
245 0 _aGate Through Physics
250 _a1st Ed.
260 _c2011
_aNew Delhi
_bNew Age International Publishers
300 _a345p.
650 _aPhysics
942 _cBK
999 _c6778
_d6778